Morgan Freeman Movies Quiz Stats

 Plays Quiz Updated Dec 31, 2020

Support Sporcle.
Go Orange.
Score 0/79 Timer 10:00
0 Plays Today
Year Movie Title % Correct
2003Bruce Almighty
79.7%
1994The Shawshank Redemption
79%
2012The Dark Knight Rises
76.9%
2007Evan Almighty
69.8%
2008The Dark Knight
67.5%
2005Batman Begins
63%
1995Se7en
53.1%
2007The Bucket List
49.5%
1989Driving Miss Daisy
47.7%
2009Invictus
41.9%
2016Now You See Me 2
41.4%
2016London Has Fallen
41%
2019Angel Has Fallen
40.3%
2001Along Came a Spider
40.1%
2013Olympus Has Fallen
39%
2013Now You See Me
37.2%
2004Million Dollar Baby
36.1%
1998Deep Impact
34.4%
1989Glory
34.2%
1997Kiss the Girls
34.1%
2014The Lego Movie
33.6%
2013Last Vegas
31.8%
2008Wanted
31.3%
2014Lucy
28.8%
1991Robin Hood: Prince of Thieves
27.7%
1992Unforgiven
24.8%
2013Oblivion
23.1%
2017Going in Style
20.8%
1989Lean on Me
20.4%
2006Lucky Number Slevin
20.3%
2014Dolphin Tale 2
19.3%
2016Ben-Hur
18.8%
2010Red
18.8%
2015Ted 2
17.6%
2011Dolphin Tale
17.5%
2002The Sum of All Fears
16.4%
1995Outbreak
16.2%
2005War of the Worlds
15.7%
2014Transcendence
14.4%
2007Gone Baby Gone
13.9%
Year Movie Title % Correct
2018The Nutcracker and the Four Realms
12.9%
1997Amistad
12.6%
1998Hard Rain
11%
2003Dreamcatcher
10.3%
2015Last Knights
10.1%
1996Chain Reaction
10%
2012The Magic of Belle Isle
9.8%
2019The Poison Rose
9.5%
2017Just Getting Started
9.5%
2011Conan the Barbarian
9.2%
2000Nurse Betty
8.9%
1987Street Smart
8.8%
2002High Crimes
8.8%
2020The Comeback Trail
7.7%
2018Alpha
7.7%
2015Momentum
7.5%
1990The Bonfire of the Vanities
7.3%
2005Danny the Dog
6.8%
2004The Big Bounce
6.5%
1980Brubaker
6.5%
200610 Items or Less
6.2%
1992The Power of One
5.9%
2006The Contract
5.9%
2007Feast of Love
5.4%
2005An Unfinished Life
5.3%
2005Edison
5.1%
1996Moll Flanders
4.9%
2000Under Suspicion
4.8%
1988Clean and Sober
4.7%
2009Thick as Thieves
4.5%
2009The Maiden Heist
4.5%
1984Teachers
4.3%
1973Blade
4.3%
1989Johnny Handsome
4.1%
2003Levity
4%
1981Eyewitness
3.9%
1985That Was Then... This Is Now
3.7%
1985Marie
3.7%
1984Harry & Son
3.6%

From the Vault

10 to 1: Movies by Decades

by kfastic

Movies 7m
Cue movies in 3... 2...1...
Remove Ads.
Support Sporcle.
Get the best of Sporcle when you Go Orange. This ad-free experience offers more features, more stats, and more fun while also helping to support Sporcle. Thank you for becoming a member.

Show Comments

Extras

Top Quizzes Today


Score Distribution

Your Account Isn't Verified!

In order to create a playlist on Sporcle, you need to verify the email address you used during registration. Go to your Sporcle Settings to finish the process.

Report this User

Report this user for behavior that violates our Community Guidelines.

Details: